000 01207cam a22003734a 4500
001 14960352
003 OSt
005 20140310182902.0
008 070810s2007 ph ab b 001 0deng
010 _a 2006425235
020 _a971271585X
040 _aDLC
_cDLC
_dDLC
042 _alcode
043 _aa-ph---
050 0 0 _aDS 666
_b.Il27 2007
082 _2FIL 959.97020924
_bII27 2007
100 1 _aIleto, Reynaldo ClemeƱa.
245 1 0 _aMagindanao, 1860-1888
_bthe career of Datu Utto of Buayan
_cIleto, Reynaldo C.
260 _aManila
_bPublished and exclusively distributed by Anvil
_cc2007
300 _a149 p.
_bill., maps
_c22 cm.
490 0 _aAnvil vintage
500 _aRevision of the author's thesis (M.A.)--Cornell University, 1970.
504 _aIncludes bibliographical references (p. 135-141) and index.
521 _aCollege
526 _c1210L-1700L
541 _j1
562 _e1
600 0 0 _aUto,
_cDatu.
650 0 _aMagindanao (Philippine people)
_xHistory.
651 0 _aMindanao Island (Philippines)
_xHistory.
906 _a7
_bcbc
_corigode
_d3
_encip
_f20
_gy-gencatlg
942 _2lcc
_cBK
_kFIL
999 _c17108
_d17108